[Event "Ruhrgebiet Verbandsklasse Gruppe 1 1617"]
[Site "Germany"]
[Date "2017.03.12"]
[Round "8.3"]
[White "Khess, Igor"]
[Black "Mikulski, Georg"]
[Result "0-1"]
[WhiteElo "1937"]
[BlackElo "1940"]
[PlyCount "98"]
[EventDate "2016.09.04"]
[EventType "team-tourn"]
[EventRounds "9"]
[EventCountry "GER"]
[SourceTitle "EXT 2022"]
[Source "ChessBase"]
[SourceDate "2021.10.06"]
[SourceVersion "1"]
[SourceVersionDate "2021.10.06"]
[SourceQuality "1"]
[WhiteTeam "Dortmund FS"]
[BlackTeam "Wanne-Eickel SV Unser Fritz"]
[WhiteTeamCountry "GER"]
[BlackTeamCountry "GER"]

1. e4 e5 2. Nf3 Nc6 3. Bb5 a6 4. Ba4 Nf6 5. Bxc6 dxc6 6. d3 Bd6 7. Bg5 h6 8. Bh4 Bg4 9. h3 Be6 10. Nbd2 c5 11. c3 Qe7 12. 0-0 g5 13. Bg3 g4 14. hxg4 Bxg4 15. d4 Nd7 16. Qb3 0-0-0 17. Nh2 Bh5 18. d5 Rhg8 19. Nc4 Rdf8 20. Ne3 Bg6 21. Qc2 h5 22. Nf3 f6 23. Nh4 Qh7 24. Bh2 Bxe4 25. Qd2 Bg6 26. b4 f5 27. f4 Qe7 28. Nxg6 Rxg6 29. fxe5 Bxe5 30. Bxe5 Qxe5 31. Rae1 f4 32. Nc4 Qg5 33. Rxf4 Rfg8 34. Rf2 Qxd2 35. Nxd2 cxb4 36. cxb4 Nb6 37. Re5 Rg5 38. Rf8+ Rxf8 39. Rxg5 Rh8 40. Ne4 Nd7 41. Kf2 b6 42. Kg3 Re8 43. Kf4 Kd8 44. a3 Rf8+ 45. Rf5 Rg8 46. g3 Rh8 47. Nf6 Nxf6 48. Rxf6 h4 49. g4 h3 0-1

[Event "Ruhrgebiet Verbandsklasse Gruppe 1 1617"]
[Site "Germany"]
[Date "2017.01.29"]
[Round "6.3"]
[White "Khess, Igor"]
[Black "Tig, Achmet"]
[Result "1-0"]
[WhiteElo "1937"]
[BlackElo "1930"]
[PlyCount "47"]
[EventDate "2016.09.04"]
[EventType "team-tourn"]
[EventRounds "9"]
[EventCountry "GER"]
[SourceTitle "EXT 2022"]
[Source "ChessBase"]
[SourceDate "2021.10.06"]
[SourceVersion "1"]
[SourceVersionDate "2021.10.06"]
[SourceQuality "1"]
[WhiteTeam "Dortmund FS"]
[BlackTeam "Hervest Dorsten"]
[WhiteTeamCountry "GER"]
[BlackTeamCountry "GER"]

1. e4 c5 2. Nc3 Nc6 3. Nf3 d6 4. h3 g6 5. d4 cxd4 6. Nxd4 Bg7 7. Be3 Nf6 8. Bc4 0-0 9. 0-0 Bd7 10. Qd2 Rc8 11. Bb3 Ne5 12. Qe2 Rxc3 13. bxc3 Nxe4 14. Bd2 Nxd2 15. Qxd2 Qa5 16. f4 Nc6 17. Rad1 Qc5 18. Kh2 b5 19. Qe2 e5 20. Nxb5 exf4 21. Nxd6 Be5 22. Nxf7 Rxf7 23. Bxf7+ Kxf7 24. Rxd7+ 1-0

[Event "Ruhrgebiet Verbandsklasse Gruppe 1 1617"]
[Site "Germany"]
[Date "2016.10.30"]
[Round "3.3"]
[White "Khess, Igor"]
[Black "Birdaini, Becir"]
[Result "1-0"]
[WhiteElo "1937"]
[BlackElo "2035"]
[PlyCount "53"]
[EventDate "2016.09.04"]
[EventType "team-tourn"]
[EventRounds "9"]
[EventCountry "GER"]
[SourceTitle "EXT 2022"]
[Source "ChessBase"]
[SourceDate "2021.10.06"]
[SourceVersion "1"]
[SourceVersionDate "2021.10.06"]
[SourceQuality "1"]
[WhiteTeam "Dortmund FS"]
[BlackTeam "Altenessen"]
[WhiteTeamCountry "GER"]
[BlackTeamCountry "GER"]

1. e4 c6 2. d4 d5 3. exd5 cxd5 4. Bd3 Nc6 5. c3 Nf6 6. h3 h6 7. Ne2 e6 8. 0-0 Bd6 9. Bf4 Qc7 10. Bxd6 Qxd6 11. Ng3 Bd7 12. Nd2 Rc8 13. Nh5 Nxh5 14. Qxh5 Qf4 15. Qe2 0-0 16. g3 Qf6 17. Kh2 Rfe8 18. f4 Na5 19. Rf2 a6 20. Nf3 Nc6 21. Ne5 Rc7 22. f5 g5 23. Ng4 Qh8 24. f6 b5 25. Ne5 Nxe5 26. Qxe5 Rc6 27. h4 1-0

[Event "NRW Verbandsklasse Group3 1314"]
[Site "Nordrheinwestfalen"]
[Date "2013.11.24"]
[Round "4.6"]
[White "Khess, Igor"]
[Black "Gitschel, Ralf"]
[Result "0-1"]
[WhiteElo "1831"]
[BlackElo "1912"]
[PlyCount "66"]
[EventDate "2013.09.08"]
[EventType "team-tourn"]
[EventRounds "9"]
[EventCountry "GER"]
[SourceTitle "EXT 2020"]
[Source "ChessBase"]
[SourceDate "2019.10.17"]
[SourceVersion "1"]
[SourceVersionDate "2019.10.17"]
[SourceQuality "1"]
[WhiteTeam "Dortmund FS 98 II"]
[BlackTeam "Eichlinghofen SV"]
[WhiteTeamCountry "GER"]
[BlackTeamCountry "GER"]

1. e4 c5 2. Nf3 Nc6 3. c3 Nf6 4. e5 Nd5 5. d4 cxd4 6. cxd4 e6 7. Nc3 Nxc3 8. bxc3 d6 9. exd6 Bxd6 10. Bd3 Qa5 11. Bd2 Qh5 12. c4 0-0 13. Bc3 b6 14. Be4 Bb7 15. Ne5 Qxd1+ 16. Rxd1 Rac8 17. 0-0 Na5 18. Bxb7 Nxb7 19. d5 exd5 20. Rxd5 f6 21. Nf3 Rxc4 22. Bd4 Ra4 23. Ra1 Rc8 24. g3 Rc2 25. a3 Kf7 26. Be3 Rc7 27. Rd3 Bc5 28. Bf4 Re7 29. Kf1 Rae4 30. Bd2 Nd6 31. a4 Nc4 32. Be1 Nb2 33. Rd8 Rxa4 0-1

[Event "NRW Verbandsklasse Group3 1314"]
[Site "Nordrheinwestfalen"]
[Date "2013.11.03"]
[Round "3.6"]
[White "Khess, Igor"]
[Black "Grundmann, Wolfgang"]
[Result "1-0"]
[WhiteElo "1831"]
[BlackElo "1706"]
[PlyCount "71"]
[EventDate "2013.09.08"]
[EventType "team-tourn"]
[EventRounds "9"]
[EventCountry "GER"]
[SourceTitle "EXT 2020"]
[Source "ChessBase"]
[SourceDate "2019.10.17"]
[SourceVersion "1"]
[SourceVersionDate "2019.10.17"]
[SourceQuality "1"]
[WhiteTeam "Dortmund FS 98 II"]
[BlackTeam "Kamen SV II"]
[WhiteTeamCountry "GER"]
[BlackTeamCountry "GER"]

1. e4 e5 2. Nf3 Nc6 3. Bb5 a6 4. Ba4 b5 5. Bb3 Bb7 6. 0-0 Bc5 7. Qe2 Nf6 8. a4 0-0 9. axb5 axb5 10. Rxa8 Bxa8 11. Qxb5 d6 12. d3 h6 13. Nc3 Ne7 14. Nd1 Ng6 15. Be3 Bxe3 16. fxe3 Nd7 17. Qa5 Ne7 18. Qe1 Qb8 19. Qf2 Nf6 20. Qg3 Kh7 21. Nf2 Bc6 22. Ng4 Nxg4 23. Qxg4 Qa7 24. Ng5+ hxg5 25. Qh5+ Kg8 26. Bxf7+ Rxf7 27. Qxf7+ Kh7 28. Qxe7 Qxe3+ 29. Kh1 Qe2 30. Qf7 Be8 31. Qf2 Qh5 32. Qf5+ Kg8 33. Qe6+ Bf7 34. Qc8+ Be8 35. Qxc7 Qe2 36. Ra1 1-0

[Event "NRW Verbandsliga Group1 1314"]
[Site "Nordrheinwestfalen"]
[Date "2013.10.20"]
[Round "3.8"]
[White "Khess, Igor"]
[Black "Urbanek, Rainer"]
[Result "0-1"]
[WhiteElo "1831"]
[BlackElo "1618"]
[PlyCount "84"]
[EventDate "2013.09.08"]
[EventType "team-tourn"]
[EventRounds "9"]
[EventCountry "GER"]
[SourceTitle "EXT 2020"]
[Source "ChessBase"]
[SourceDate "2019.10.17"]
[SourceVersion "1"]
[SourceVersionDate "2019.10.17"]
[SourceQuality "1"]
[WhiteTeam "Dortmund FS 98"]
[BlackTeam "Bochum SC an der Uni"]
[WhiteTeamCountry "GER"]
[BlackTeamCountry "GER"]

1. e4 c5 2. Nf3 Nc6 3. d4 cxd4 4. Nxd4 Qc7 5. Nc3 e6 6. Ndb5 Qb8 7. Be3 a6 8. Bb6 axb5 9. Nxb5 Bb4+ 10. c3 Ba5 11. Nc7+ Qxc7 12. Bxc7 Bxc7 13. Bd3 Nf6 14. 0-0 b6 15. a3 Bb7 16. f4 Ne7 17. Qe2 g6 18. Rad1 Bc6 19. e5 Nh5 20. Be4 Nd5 21. Qd2 b5 22. Kh1 Ra4 23. b4 Rxa3 24. Bxd5 Bxd5 25. Qd4 0-0 26. Qc5 Rc8 27. Rxd5 exd5 28. Qxb5 Rxc3 29. Qxd5 Bb6 30. g4 Rc1 31. Qf3 R8c3 32. Qg2 Nxf4 33. Qa8+ Kg7 34. Qa6 Rxf1+ 35. Qxf1 Be3 36. e6 dxe6 37. Qa1 Bd4 38. Qd1 Rd3 39. Qf1 e5 40. b5 Ra3 41. b6 Bxb6 42. Qc1 Rd3 0-1